| 000 | 00472cam a22001571 4500 | ||
|---|---|---|---|
| 082 |
_a808.066624 _bWIL |
||
| 100 | 1 |
_aWilliams, George Edward. _945839 |
|
| 245 | 1 | 0 |
_aTechnical literature, _bits preparation and presentation. |
| 260 |
_aLondon, _bG. Allen & Unwin _c[1948] |
||
| 300 |
_a117 p. _c19 cm. |
||
| 526 |
_a0 _b0 _c0 _d808_066624000000000_WIL |
||
| 650 | 0 |
_aMCE _9379 |
|
| 650 | 0 |
_aReport writing. _93246 |
|
| 650 | 0 |
_aTechnology _xLanguage. _945840 |
|
| 942 |
_2ddc _cBK |
||
| 999 |
_c549275 _d549275 |
||